Fake Emperors - Whammies - Statistics

General Stats
  • This quiz has been taken 9 times
  • The average score is 3 of 6
Answers on the Grid
Answers color-coded by a green-red scale on the quiz's grid according to % correct below.
Augustus
Aurelian
Balbinus
Caligula
Caracalla
Carinus
Carus
Cicero
Claudius
Commodus
Constantine the Great
Didius Julianus
Diocletian
Domitian
Elagabalus
Galba
Germanicus
Geta
Gordian I
Gordian II
Gordian III
Gratian
Hadrian
Hostilian
Jovian
Julian the Apostate
Lucius Verus
Macrinus
Marcus Antonius
Marcus Aurelius
Marcus Brutus
Maximinus Thrax
Nero
Nerva
Numa Pompilius
Numerian
Otho
Pertinax
Philip the Arab
Pompeius Magnus
Pupienus
Septimius Severus
Severus Alexander
Theodosius I
Tiberius
Titus
Trajan
Valens
Valentinian I
Valerian
Vespasian
Vitellius
 
Answer Stats
Answer % Correct
Brutus was a prominent senator who conspired to assassinate Julius Caesar but was never emperor. Marcus Brutus
67%
Pompey was a famous general and consul of Rome, but he died during the age of the Republic. Pompeius Magnus
67%
Cicero was a legendary senator, orator, and consul, but he died before the empire began. Cicero
50%
Unfortunately for Rome, Germanicus died mysteriously before he could become emperor. Germanicus
50%
Numa was the second king of Rome, not an emperor. Numa Pompilius
50%
Mark Antony was a member of the Second Triumvirate, but he was never an emperor. Marcus Antonius
33%
No matching quizzes found
Score Distribution
Percent of People with Each Score
Percentile by Number Answered
Your Score History
You have not taken this quiz